<?xml version="1.0" encoding="UTF-8"?><?xml-stylesheet type="text/xsl" href="static/style.xsl"?><OAI-PMH xmlns="http://www.openarchives.org/OAI/2.0/" xmlns:xsi="http://www.w3.org/2001/XMLSchema-instance" xsi:schemaLocation="http://www.openarchives.org/OAI/2.0/ http://www.openarchives.org/OAI/2.0/OAI-PMH.xsd"><responseDate>2026-04-13T01:29:21Z</responseDate><request verb="GetRecord" identifier="oai:www.recercat.cat:10256/24177" metadataPrefix="marc">https://recercat.cat/oai/request</request><GetRecord><record><header><identifier>oai:recercat.cat:10256/24177</identifier><datestamp>2024-06-13T10:01:28Z</datestamp><setSpec>com_2072_453051</setSpec><setSpec>com_2072_2054</setSpec><setSpec>col_2072_453053</setSpec></header><metadata><record xmlns="http://www.loc.gov/MARC21/slim" xmlns:dcterms="http://purl.org/dc/terms/" xmlns:xsi="http://www.w3.org/2001/XMLSchema-instance" xmlns:doc="http://www.lyncode.com/xoai" xsi:schemaLocation="http://www.loc.gov/MARC21/slim http://www.loc.gov/standards/marcxml/schema/MARC21slim.xsd">
   <leader>00925njm 22002777a 4500</leader>
   <datafield ind2=" " ind1=" " tag="042">
      <subfield code="a">dc</subfield>
   </datafield>
   <datafield ind2=" " ind1=" " tag="720">
      <subfield code="a">Fava, Nadia</subfield>
      <subfield code="e">author</subfield>
   </datafield>
   <datafield ind2=" " ind1=" " tag="720">
      <subfield code="a">Carrasco Bonet, Marta</subfield>
      <subfield code="e">author</subfield>
   </datafield>
   <datafield ind2=" " ind1=" " tag="720">
      <subfield code="a">Roca i Torrent, Anna</subfield>
      <subfield code="e">author</subfield>
   </datafield>
   <datafield ind2=" " ind1=" " tag="260">
      <subfield code="c">2023-12</subfield>
   </datafield>
   <datafield ind2=" " ind1=" " tag="520">
      <subfield code="a">Els sistemes alimentaris engloben les cadenes de subministrament d’aliments, els entorns alimentaris i el comportament del consumidors. Els sistemes alimentaris influeixen en la capacitat d’assolir alguns dels Objectius de Desenvolupament Sostenible (ODS), com ara Consum i Producció Responsables, Fi de la Pobresa, Fam Zero, Salut i Benestar. La transició cap a un sistema alimentari sostenible és un gran repte per als pròxims anys i els mercats no sedentaris, que tenen una forta capacitat d’adaptabilitat i resiliència, tenen un rol molt important per contribuir a la venda de producte amb menys impacte al territori però, sobretot, per enfortir una col·lectivitat que veu el rol que té el menjar en la transició cap a la sostenibilitat. L’estudi aborda els tres aspectes de la sostenibilitat incloent les dimensions ambiental, econòmica i social, que implica una alimentació més inclusiva i que respecti la natura. Els sistemes alimentaris són fonamentals per garantir l’alimentació i la salut de les generacions futures, preservant l’accés als recursos alimentaris de qualitat que permetin una dieta saludable. Per a la transició alimentària, tal com es va establir al Pacte de Milà (2015), hi ha passos a seguir, entre els quals figuren: promoure la política alimentària urbana, promoure la coherència sobre alimentació entre les polítiques municipals i d’altres administracions, involucrar tots els sectors del sistema alimentari i revisar i modificar les polítiques existents. A la província de Girona caldria prendre en consideració aquests aspectes repensant i reconstruint el model alimentari des d’una innovació que permeti la seva reterritorialització, i els mercats no sedentaris com a equipaments públics lligats a l’escala local, però amb lògiques territorials que esdevenen una oportunitat com a camí de l’urbanisme alimentari. A la província de Girona, els 105 mercats no sedentaris, conjuntament amb els 9 mercats coberts, són un patrimoni ingent administrat pels municipis que cal estudiar per entendre com poden contribuir a reforçar el sistema alimentari local, intentant evitar la “gentrificació” del menjar present en moltes iniciatives i projectes gastronòmics</subfield>
   </datafield>
   <datafield ind2=" " ind1=" " tag="520">
      <subfield code="a">PECT Girona, Sistema Alimentari Sostenible (2021-2023). Finançat pel programa FEDER de la Unió Europea (PR15-019289)</subfield>
   </datafield>
   <datafield ind2=" " ind1=" " tag="520">
      <subfield code="a">1</subfield>
   </datafield>
   <datafield ind2=" " ind1=" " tag="520">
      <subfield code="a">2</subfield>
   </datafield>
   <datafield ind2=" " ind1=" " tag="520">
      <subfield code="a">3</subfield>
   </datafield>
   <datafield ind2=" " ind1=" " tag="520">
      <subfield code="a">12</subfield>
   </datafield>
   <datafield ind1="8" ind2=" " tag="024">
      <subfield code="a">http://hdl.handle.net/10256/24177</subfield>
   </datafield>
   <datafield tag="653" ind2=" " ind1=" ">
      <subfield code="a">Mercats -- Catalunya -- Girona (Provincia)</subfield>
   </datafield>
   <datafield tag="653" ind2=" " ind1=" ">
      <subfield code="a">Markets -- Catalonia -- Girona (Province)</subfield>
   </datafield>
   <datafield tag="653" ind2=" " ind1=" ">
      <subfield code="a">Desenvolupament sostenible</subfield>
   </datafield>
   <datafield tag="653" ind2=" " ind1=" ">
      <subfield code="a">Sustainable development</subfield>
   </datafield>
   <datafield ind2="0" ind1="0" tag="245">
      <subfield code="a">Informe els mercats no sedentaris a la província de Girona: una oportunitat per la transició alimentària?</subfield>
   </datafield>
</record></metadata></record></GetRecord></OAI-PMH>